000 01107nam a2200277 a 4500
001 vtls003206557
003 MY-SjTCS
005 20200207100457.0
008 110218s2009 flua 001 0 eng d
020 _a1420095218 (pbk.)
020 _a9781420095210 (pbk.)
039 9 _a201102181533
_bVLOAD
_c201010201037
_dpushpa
_c201010181509
_dsiew_eng
_y201008131619
_zmalathy
082 0 4 _a621.4022
_bADV 2009
245 0 0 _aAdvances in numerical heat transfer.
_nVol. 3 /
_cedited by W.J. Minkowycz, E.M. Sparrow ; guest editor, J.P. Abraham.
260 _aBoca Raton, Fla. :
_bCRC Press,
_c2009.
300 _axii, 384 p. : ill. ; 24 cm.
490 1 _aComputational and physical processes in mechanics and thermal sciences.
504 _aIncludes bibliographical references and index.
650 0 _aHeat
_xTransmission
_xMathematical models.
650 0 _aNumerical analysis
700 1 _aMinkowycz, W. J.
700 1 _aSparrow, E. M.
_q(Ephraim M.)
700 1 _aAbraham, J. P.
830 0 _aSeries in computational and physical processes in mechanics and thermal sciences.
920 _aENG : 149494
999 _c130058